00613 a2200169 4500020003800000050001100038100002500049245008000074250001200154264004400166300001700210500006700227504005100294650002000345700002400365700005400389 a9780199576807 (pbk. : alk. paper)00aKD20781 aSealy, L. S.eauthor10aSealy's cases and materials in company law /cLen Sealy, Sarah Worthington. a9th ed. aOxford:bOxford university press,c2010 alx, 790 p. ; aRev. ed. of: Cases and materials in company law. 8th ed. 2008. aIncludes bibliographical references and index. 0aCorporation law1 aWorthington, Sarah.1 aSealy, L. S.tCases and materials in company law.